000 00293nam a2200121Ia 4500
999 _c6805
_d6805
020 _a978-0367403119
082 _a512.55
100 _aPrice,G .Baley.
245 3 _aAn Introduction To Multicomplex Spaces And Functions
260 _aNew York
_bMc Graw Hill
_c1991
300 _a402
942 _cBK